<?xml version='1.0' encoding='UTF-8'?>
  <record xmlns="http://www.loc.gov/MARC21/slim">
    <leader>00000cam a2200000   4500</leader>
    <controlfield tag="001">ocm13071708</controlfield>
    <controlfield tag="003">OCoLC</controlfield>
    <controlfield tag="005">20250901105802.4</controlfield>
    <controlfield tag="008">860128s1887    gw a     b    001 0 ger c</controlfield>
    <datafield tag="010" ind1=" " ind2=" ">
      <subfield code="a">gs 13000502 </subfield>
    </datafield>
    <datafield tag="040" ind1=" " ind2=" ">
      <subfield code="a">U.S. Geological Survey</subfield>
      <subfield code="b">eng</subfield>
      <subfield code="c">GUA</subfield>
      <subfield code="d">OCLCQ</subfield>
      <subfield code="d">NLGGC</subfield>
      <subfield code="d">ZWZ</subfield>
      <subfield code="d">GEBAY</subfield>
      <subfield code="d">OCLCQ</subfield>
      <subfield code="d">DEBBG</subfield>
      <subfield code="d">UKMGB</subfield>
      <subfield code="d">GBVCP</subfield>
      <subfield code="d">OCLCF</subfield>
      <subfield code="d">OCLCO</subfield>
      <subfield code="d">OCLCQ</subfield>
      <subfield code="d">BOH</subfield>
      <subfield code="d">OCLCO</subfield>
      <subfield code="d">UKNRC</subfield>
      <subfield code="d">HUELT</subfield>
      <subfield code="d">OCLCQ</subfield>
      <subfield code="d">OCLCO</subfield>
      <subfield code="d">OCLCQ</subfield>
      <subfield code="d">OCLCL</subfield>
      <subfield code="d">OCLCA</subfield>
      <subfield code="d">OCLCL</subfield>
      <subfield code="d">OCLCQ</subfield>
    </datafield>
    <datafield tag="016" ind1="7" ind2=" ">
      <subfield code="a">003436598</subfield>
      <subfield code="2">Uk</subfield>
    </datafield>
    <datafield tag="019" ind1=" " ind2=" ">
      <subfield code="a">70806358</subfield>
      <subfield code="a">1045842580</subfield>
      <subfield code="a">1051565691</subfield>
    </datafield>
    <datafield tag="029" ind1="1" ind2=" ">
      <subfield code="a">NLGGC</subfield>
      <subfield code="b">065104749</subfield>
    </datafield>
    <datafield tag="029" ind1="1" ind2=" ">
      <subfield code="a">ZWZ</subfield>
      <subfield code="b">028834194</subfield>
    </datafield>
    <datafield tag="035" ind1=" " ind2=" ">
      <subfield code="a">(OCoLC)13071708</subfield>
      <subfield code="z">(OCoLC)70806358</subfield>
      <subfield code="z">(OCoLC)1045842580</subfield>
      <subfield code="z">(OCoLC)1051565691</subfield>
    </datafield>
    <datafield tag="050" ind1=" " ind2="4">
      <subfield code="a">QE905</subfield>
      <subfield code="b">.S6</subfield>
    </datafield>
    <datafield tag="080" ind1=" " ind2=" ">
      <subfield code="a">409-D</subfield>
    </datafield>
    <datafield tag="082" ind1="1" ind2="4">
      <subfield code="a">580</subfield>
      <subfield code="q">OCoLC</subfield>
      <subfield code="2">15/eng/20231120</subfield>
      <subfield code="1">https://id.oclc.org/worldcat/ddc/E3dFvDWxvW8p6khkkWP3GkCxPV</subfield>
    </datafield>
    <datafield tag="084" ind1=" " ind2=" ">
      <subfield code="a">WH 9100</subfield>
      <subfield code="2">rvk</subfield>
    </datafield>
    <datafield tag="084" ind1=" " ind2=" ">
      <subfield code="a">WH 9187</subfield>
      <subfield code="2">rvk</subfield>
    </datafield>
    <datafield tag="084" ind1=" " ind2=" ">
      <subfield code="a">13</subfield>
      <subfield code="2">ssgn</subfield>
    </datafield>
    <datafield tag="100" ind1="1" ind2=" ">
      <subfield code="a">Solms-Laubach, Hermann,</subfield>
      <subfield code="c">Graf zu,</subfield>
      <subfield code="d">1842-1915.</subfield>
      <subfield code="1">https://id.oclc.org/worldcat/entity/E39PBJm4V9yW7Jf9yJykmB4jG3</subfield>
    </datafield>
    <datafield tag="245" ind1="1" ind2="0">
      <subfield code="a">Einleitung in die Paläophytologie vom botanischen Standpunkt aus,</subfield>
      <subfield code="c">bearb. von H. grafen zu Solms-Laubach ... Mit 49 Holzschnitten.</subfield>
    </datafield>
    <datafield tag="260" ind1=" " ind2=" ">
      <subfield code="a">Leipzig,</subfield>
      <subfield code="b">A. Felix,</subfield>
      <subfield code="c">1887.</subfield>
    </datafield>
    <datafield tag="300" ind1=" " ind2=" ">
      <subfield code="a">viii, 416 pages</subfield>
      <subfield code="b">illustrations</subfield>
      <subfield code="c">24 cm</subfield>
    </datafield>
    <datafield tag="336" ind1=" " ind2=" ">
      <subfield code="a">text</subfield>
      <subfield code="b">txt</subfield>
      <subfield code="2">rdacontent</subfield>
    </datafield>
    <datafield tag="337" ind1=" " ind2=" ">
      <subfield code="a">unmediated</subfield>
      <subfield code="b">n</subfield>
      <subfield code="2">rdamedia</subfield>
    </datafield>
    <datafield tag="338" ind1=" " ind2=" ">
      <subfield code="a">volume</subfield>
      <subfield code="b">nc</subfield>
      <subfield code="2">rdacarrier</subfield>
    </datafield>
    <datafield tag="504" ind1=" " ind2=" ">
      <subfield code="a">"Literaturverzeichniss": pages 383-400</subfield>
    </datafield>
    <datafield tag="546" ind1=" " ind2=" ">
      <subfield code="a">In German.</subfield>
    </datafield>
    <datafield tag="650" ind1=" " ind2="0">
      <subfield code="a">Paleobotany.</subfield>
    </datafield>
    <datafield tag="650" ind1=" " ind2="6">
      <subfield code="a">Paléobotanique.</subfield>
    </datafield>
    <datafield tag="650" ind1=" " ind2="7">
      <subfield code="a">Paleobotany.</subfield>
      <subfield code="2">fast</subfield>
      <subfield code="0">(OCoLC)fst01051324</subfield>
    </datafield>
    <datafield tag="650" ind1=" " ind2="7">
      <subfield code="a">Paläobotanik</subfield>
      <subfield code="2">gnd</subfield>
    </datafield>
    <datafield tag="650" ind1="1" ind2="7">
      <subfield code="a">Paleobotanie.</subfield>
      <subfield code="2">gtt</subfield>
    </datafield>
    <datafield tag="650" ind1=" " ind2="7">
      <subfield code="a">Paléobotanique.</subfield>
      <subfield code="2">retrosciences</subfield>
    </datafield>
    <datafield tag="758" ind1=" " ind2=" ">
      <subfield code="i">has work:</subfield>
      <subfield code="a">Einleitung in die Paläophytologie vom botanischen Standpunkt aus (Text)</subfield>
      <subfield code="1">https://id.oclc.org/worldcat/entity/E39PCGpr3q94vg4tCP7XxyHGMd</subfield>
      <subfield code="4">https://id.oclc.org/worldcat/ontology/hasWork</subfield>
    </datafield>
    <datafield tag="776" ind1="0" ind2="8">
      <subfield code="i">Online version:</subfield>
      <subfield code="a">Solms-Laubach, Hermann, Graf, 1842-1915.</subfield>
      <subfield code="t">Einleitung in die Paläophytologie vom botanischen Standpunkt aus.</subfield>
      <subfield code="d">Leipzig, A. Felix, 1887</subfield>
      <subfield code="w">(OCoLC)613277344</subfield>
    </datafield>
  </record>